| 000 | 00576nam a22002177a 4500 | ||
|---|---|---|---|
| 003 | OSt | ||
| 005 | 20140310181740.0 | ||
| 008 | 130322t xxu||||| |||| 00| 0 eng d | ||
| 020 | _a0380012863 | ||
| 050 |
_aPS 3552 _b.B118 1970 |
||
| 082 |
_aTR 158.1 _bB12 1970 |
||
| 245 |
_aJonathan Livingston Seagull : _cRichard Bach ; photographs by Russell Munson. _ba story / |
||
| 260 |
_aNew York _bScribner _cc1970. |
||
| 300 |
_a127 p. _c17 cm |
||
| 521 | _aFaculty | ||
| 541 | _j1 | ||
| 541 | _j1 | ||
| 541 | _j1 | ||
| 562 | _e1 | ||
| 942 |
_2lcc _cBK-TR _kTR |
||
| 999 |
_c2718 _d2718 |
||